00882nam a22002537a 4500003000900000008004100009040007100050082002200121110002800143245008200171260004500253300002700298505007900325650002100404650001100425650001300436650002000449650001500469650001700484650001000501700003100511700003500542700005100577AR-CdUCM190527b ||||| |||| 00| 0 spa d aMUNICIPALIDAD PROVINCIAL DEL CUSCOcBIBLIOTECA MUNICIPAL DEL CUSCO a780.61/N56HbN56H aMunicipalidad del Cusco aHimno del Cusco /cLetras, Luis Nieto Miranda, Música Roberto Ojeda Campana aCusco :bMunicipalidad del Cusco,c1985. a7 páginas. :c29 cm. aContenido: Himno del Cusco. Melografía. Coro I Piano. -- Piano conductor aHimno cusqueño aHimnos aMúsica aNotas musicales aPentagrama aMelografía aCusco aNieto Miranda, LuiseTexto aOjeda Campa, RobertoeMúsica aIbañez Rodríguez, AntonioeVersión coral